Business Law (Record no. 836)
[ view plain ]
| 000 -LEADER | |
|---|---|
| fixed length control field | 00423nam a2200157Ia 4500 |
| 005 - DATE AND TIME OF LATEST TRANSACTION | |
| control field | 20241107180508.0 |
| 008 - FIXED-LENGTH DATA ELEMENTS--GENERAL INFORMATION | |
| fixed length control field | 200919s9999||||xx |||||||||||||| ||und|| |
| 020 ## - INTERNATIONAL STANDARD BOOK NUMBER | |
| International Standard Book Number | 9789325963962 |
| 082 ## - DEWEY DECIMAL CLASSIFICATION NUMBER | |
| Classification number | 346.7 |
| Item number | KUC-B |
| 100 ## - MAIN ENTRY--PERSONAL NAME | |
| Personal name | Kuchhal. M. C; Vivek, Kuchhal |
| 245 #0 - TITLE STATEMENT | |
| Title | Business Law |
| 250 ## - EDITION STATEMENT | |
| Edition statement | 6th Ed. |
| 260 ## - PUBLICATION, DISTRIBUTION, ETC. | |
| Place of publication, distribution, etc. | New Delhi |
| Name of publisher, distributor, etc. | Vikas Publishing House |
| Date of publication, distribution, etc. | 2013 |
| 300 ## - PHYSICAL DESCRIPTION | |
| Extent | 464 pages |
| Other physical details | Index |
| Dimensions | 22cm |
| 942 ## - ADDED ENTRY ELEMENTS (KOHA) | |
| Source of classification or shelving scheme | Library of Congress Classification |
| Koha item type | Books |
| Edition | 6th Ed. |
| Suppress in OPAC | No |
| 999 ## - | |
| -- | 836 |
| -- | 836 |
| Withdrawn status | Lost status | Source of classification or shelving scheme | Damaged status | Not for loan | Collection | Home library | Current library | Shelving location | Date acquired | Total checkouts | Full call number | Barcode | Date last seen | Copy number | Price effective from | Koha item type |
|---|---|---|---|---|---|---|---|---|---|---|---|---|---|---|---|---|
| Library of Congress Classification | Non-fiction | Law Library (Christ Temple) | Law Library (Christ Temple) | General stacks | 02/06/2025 | KF889.3 KUC | LLCT00000398 | 02/06/2025 | 7 | 02/06/2025 | Books | |||||
| Library of Congress Classification | Non-fiction | Law Library (Miotso) | Law Library (Miotso) | General stacks | 11/07/2024 | KF899.3 KUC | llm00000712 | 11/07/2024 | 1 | 11/07/2024 | Books | |||||
| Library of Congress Classification | Non-fiction | Law Library (Miotso) | Law Library (Miotso) | General stacks | 11/07/2024 | KF899.3 KUC | llm00000713 | 11/07/2024 | 2 | 11/07/2024 | Books | |||||
| Library of Congress Classification | Non-fiction | Law Library (Miotso) | Law Library (Miotso) | General stacks | 11/07/2024 | KF899.3 KUC | llm00000714 | 11/07/2024 | 3 | 11/07/2024 | Books | |||||
| Library of Congress Classification | Non-fiction | Law Library (Miotso) | Law Library (Miotso) | General stacks | 11/07/2024 | KF899.3 KUC | llm00000715 | 11/07/2024 | 4 | 11/07/2024 | Books | |||||
| Library of Congress Classification | Non-fiction | Law Library (Miotso) | Law Library (Miotso) | General stacks | 11/07/2024 | KF899.3 KUC | llm00000716 | 11/07/2024 | 5 | 11/07/2024 | Books | |||||
| Library of Congress Classification | Non-fiction | Law Library (Miotso) | Law Library (Miotso) | General stacks | 11/07/2024 | KF899.3 KUC | llm00000717 | 11/07/2024 | 6 | 11/07/2024 | Books |